Elements of complex variables.

Збережено в:
Бібліографічні деталі
Автори: Pennisi, Louis L. (Louis Legendre) (Автор), Gordon, Louis I. (Автор), Lasher, Sim (Автор)
Формат: Книга
Мова:Англійська
Опубліковано: New York, USA: Holt, Rinehart and Winston 1963.
Предмети:
Теги: Додати тег
Немає тегів, Будьте першим, хто поставить тег для цього запису!

MARC

LEADER 00000nam a22000001 4500
001 1695227
003 CL-VaPUC
005 20250401152917.0
008 840612s1963 nyu b 000 0 eng
999 |c 447657  |d 447655 
010 |a  63007619  
020 |a 03-011450-0 
040 |a DLC/ICU  |c Pontificia Universidad Católica de Valparaíso  |d DLC 
050 0 0 |a QA331  |b .P3 
082 0 0 |a 515.9 PEN 1963  |2 22 
100 1 |a Pennisi, Louis L.  |q (Louis Legendre)  |e author  |9 897536 
245 1 0 |a Elements of complex variables. 
260 |a New York, USA:  |b Holt, Rinehart and Winston  |c 1963. 
300 |a x, 459 páginas. 
500 |a c.1. Donación Prof. Carlos Vásquez MEMO Biblioteca Matemática Nº01- 20-1-20 
583 |c 20250325  |k GC 
650 0 |a Funciones de variables complejas   |9 260212 
650 0 |a Análisis complejo  |9 260214 
700 |a Gordon, Louis I.,   |e author  |9 897537 
700 |a Lasher, Sim   |e author  |9 897538 
942 |2 ddc  |c BK 
952 |0 0  |1 0  |2 ddc  |4 0  |6 515_900000000000000_PEN_1963  |7 0  |8 A  |9 601887  |a BIBMAT  |b BIBMAT  |d 2025-03-25  |e Donación   |i 5666765  |o 515.9 PEN 1963  |p 5666765  |r 2025-03-25  |t 1  |w 2025-03-25  |y BK  |k MAT